[Event "AUTO-INT-987"]
[Site "http://www.queenalice.com/game.php?id=441792"]
[Date "2008.7.31"]
[Round "1"]
[White "llfs"]
[Black "deckhandsailor"]
[Result "1-0"]
[WhiteElo "1553"]
[BlackElo "1587"]

1. b3 d5 2. Nc3 g6 3. g3 a6 4. Bg2 Nf6 5. Bb2 Be6 6. Nh3 Bg7 7. O-O Ne4 8. e3
Nd7 9. Nf4 Bf5 10. d4 Nxc3 11. Bxc3 c5 12. Nxd5 h5 13. Nf4 Qb6 14. Nd5 Qd8 15.
Nf4 Rc8 16. Bxb7 Rc7 17. Ba5 O-O 18. Bxc7 Qxc7 19. Bxa6 Bg4 20. Be2 Bxe2 21.
Qxe2 cxd4 22. exd4 Bxd4 23. Rad1 Qc5 24. Nd3 Qg5 25. Nb4 Ne5 26. Rxd4 Kg7 27.
Rd5 f6 28. f4 Qf5 29. Nd3 e6 30. Rd6 Nxd3 31. cxd3 Re8 32. a4 Qc5+ 33. Qf2 Qxd6
34. d4 e5 35. dxe5 fxe5 36. fxe5 Rxe5 37. Qf7+ Kh6 38. h3 Qd4+ 39. Qf2 Re3 40.
Qf4+ Qxf4 41. gxf4 Rxb3 42. f5 g5 43. f6 Rb8 44. f7 Kg7 45. f8=Q+ Rxf8 46. Rxf8
Kxf8 47. a5 1-0

[Event "AUTO-INT-987"]
[Site "http://www.queenalice.com/game.php?id=441793"]
[Date "2008.7.31"]
[Round "1"]
[White "deckhandsailor"]
[Black "PlinioRegis"]
[Result "1-0"]
[WhiteElo "1601"]
[BlackElo "1568"]

1. e4 Nf6 2. e5 Nd5 3. Bc4 Nb6 4. Bb3 Nc6 5. Qf3 e6 6. Ne2 Nxe5 7. Qh5 Bd6 8. d4
g6 9. Qh3 Nc6 10. Nbc3 f6 11. Nb5 Bb4+ 12. c3 Ba5 13. O-O d5 14. Bd1 e5 15. Qh6
Bf5 16. Qg7 Rf8 17. Nxc7+ Qxc7 18. Qxc7 Nc4 19. Qxb7 Rd8 20. Qxc6+ Ke7 21. b3
Bxc3 22. Qc5+ Ke6 23. Nxc3 Rc8 24. Qxa7 h5 25. bxc4 dxc4 26. Qb6+ Kf7 27. Nd5 e4
28. Qb7+ Kg8 29. Nxf6+ Rxf6 30. a4 Re8 31. a5 Rf7 32. Qd5 Be6 33. Qg5 Kg7 34.
Bxh5 Rh8 35. Qxg6+ Kf8 36. Bh6+ Ke8 37. Qxe6+ Kd8 38. Bxf7 c3 39. Bg5+ Kc7 40.
Rfc1 Rh5 41. Bf4+ Kd8 42. Rxc3 Rb5 43. Rc8# 1-0

[Event "AUTO-INT-987"]
[Site "http://www.queenalice.com/game.php?id=441794"]
[Date "2008.7.31"]
[Round "1"]
[White "PlinioRegis"]
[Black "deckhandsailor"]
[Result "0-1"]
[WhiteElo "1584"]
[BlackElo "1585"]

1. e4 d5 2. Nc3 Nf6 3. d3 Bg4 4. Be2 Bxe2 5. Qxe2 e6 6. Nf3 Bb4 7. O-O Bxc3 8.
bxc3 Nbd7 9. Ba3 c5 10. Rab1 b6 11. d4 Nxe4 12. Ne5 O-O 13. Bc1 Nxe5 14. dxe5
Nxc3 15. Qf3 Nxb1 16. Bf4 f6 17. exf6 Rxf6 18. Rxb1 e5 19. Re1 Rxf4 20. Qg3 Qf6
21. Rf1 Rf8 22. f3 e4 23. h3 Qd4+ 24. Kh2 exf3 25. gxf3 Qd2+ 26. Rf2 Qe1 27. Kg2
R8f6 28. Rf1 Qc3 29. Rf2 Rxf3 30. Rxf3 Qxc2+ 31. Rf2 Rxf2+ 32. Qxf2 Qe4+ 33. Kf1
Qb1+ 34. Kg2 d4 35. Qf3 Qxa2+ 36. Kg3 a5 37. Kg4 Qe6+ 38. Kg3 c4 39. Qa8+ Kf7
40. Qb7+ Kg6 41. h4 Qe3+ 42. Kg4 h5# 0-1

[Event "AUTO-OPEN-992"]
[Site "http://www.queenalice.com/game.php?id=454230"]
[Date "2008.8.27"]
[Round "3"]
[White "Jamtony"]
[Black "deckhandsailor"]
[Result "0-1"]
[WhiteElo "1611"]
[BlackElo "1569"]

1. e4 d5 2. Bd3 e5 3. Qh5 d4 4. Qxe5+ Ne7 5. c3 Nc6 6. Bb5 Bd7 7. Bxc6 Bxc6 8.
Nf3 f6 9. Qxd4 Bd7 10. O-O Nc6 11. Qd5 Qe7 12. d4 O-O-O 13. Na3 Be6 14. Qb5 a6
15. Qd3 Na5 16. b4 Nc6 17. h3 Ne5 18. Nxe5 fxe5 19. d5 c6 20. Nc4 cxd5 21. Nxe5
Qf6 22. Bf4 Bd6 23. Qd4 dxe4 24. Rad1 Qxf4 25. Nc4 Qh2# 0-1

[Event "AUTO-OPEN-992"]
[Site "http://www.queenalice.com/game.php?id=454231"]
[Date "2008.8.27"]
[Round "3"]
[White "deckhandsailor"]
[Black "Jamtony"]
[Result "1-0"]
[WhiteElo "1570"]
[BlackElo "1593"]

1. e4 e5 2. d4 Qe7 3. d5 d6 4. c3 Bd7 5. h3 Nf6 6. Bg5 h6 7. Bxf6 Qxf6 8. Nd2 c6
9. Qa4 b5 10. Qb3 Na6 11. dxc6 Bxc6 12. Bxb5 Bxb5 13. Qxb5+ Ke7 14. Qxa6 g5 15.
Qb7+ Ke6 16. Qxa8 Qe7 17. Qd5+ Kf6 18. g3 Qb7 19. Qxb7 a5 20. O-O-O Bg7 21. Ndf3
Re8 22. Qd7 Re6 23. Qd8+ Kg6 24. Rxd6 Bf6 25. Qg8+ Bg7 26. Nxe5+ Kf6 27. Ng4+
Kg6 28. Rxe6+ fxe6 29. Qxe6+ Kh7 30. Nf6+ 1-0

[Event "Challenge"]
[Site "http://www.queenalice.com/game.php?id=457036"]
[Date "2008.9.1"]
[Round "-"]
[White "Jonny_Fake"]
[Black "deckhandsailor"]
[Result "1-0"]
[WhiteElo "1821"]
[BlackElo "1587"]

1. e4 d5 2. exd5 Qxd5 3. Nc3 Qe5+ 4. Be2 Bg4 5. f3 Bh5 6. d3 Nc6 7. f4 Qe6 8.
Ne4 Bxe2 9. Qxe2 Nd4 10. Qd2 Nf6 11. Ne2 O-O-O 12. O-O Nxe4 13. Nxd4 Nxd2 14.
Nxe6 fxe6 15. Bxd2 h6 16. Rae1 g5 17. fxg5 h5 18. Rxe6 Re8 19. b4 Rd8 20. a4 Rh7
21. a5 Rg7 22. b5 Rd6 23. Rxf8+ Kd7 24. Rxd6+ Kxd6 25. h4 e5 26. Bc3 Re7 27. Rh8
e4 28. dxe4 Rxe4 29. Rxh5 Rc4 30. Rh6+ Kc5 31. Be5 Rxc2 32. Bxc7 Kxb5 33. Bf4
Kxa5 34. g6 Rc8 35. g7 Rg8 36. Be5 b5 37. Rh8 1-0

[Event "Challenge"]
[Site "http://www.queenalice.com/game.php?id=469140"]
[Date "2008.9.27"]
[Round "-"]
[White "deckhandsailor"]
[Black "Jonny_Fake"]
[Result "0-1"]
[WhiteElo "1616"]
[BlackElo "1847"]

1. e4 c5 2. e5 Nc6 3. Nf3 g6 4. d4 cxd4 5. Nxd4 Nxe5 6. Nc3 Bg7 7. f4 Nc6 8. Be3
d6 9. Bb5 Bd7 10. O-O Nf6 11. Nxc6 bxc6 12. Ba4 O-O 13. h3 Nh5 14. Rf3 Bf6 15.
Bd4 Bxd4+ 16. Kh2 Bb6 17. Ne4 Ng7 18. Rg3 Nf5 19. Rg5 Qc7 20. Bb3 d5 21. Qh5
Qxf4+ 22. Ng3 Nxg3 23. Rxg3 Bf2 24. Qf3 Bxg3+ 25. Qxg3 e5 26. c3 h5 27. Bd1 Qd2
28. Bxh5 Bf5 29. Bg4 Bxg4 30. Qxg4 Qxb2 31. Qd1 Qxc3 32. Rc1 Qa3 33. Rxc6 Qxa2
34. Rc2 Qb3 35. Qd2 d4 36. Qf2 f5 37. Rc6 Kg7 38. Qh4 Rac8 39. Qe7+ Rf7 40.
Qxe5+ Kh7 41. Rxc8 Rg7 42. Qxd4 g5 43. Rc5 g4 44. Qf6 g3+ 45. Kg1 Qd1# 0-1

[Event "AUTO-ADV-1134"]
[Site "http://www.queenalice.com/game.php?id=503399"]
[Date "2008.12.5"]
[Round "1"]
[White "cobra17"]
[Black "deckhandsailor"]
[Result "1-0"]
[WhiteElo "1642"]
[BlackElo "1550"]

1. e4 d5 2. exd5 Qxd5 3. Nc3 Qe5+ 4. Qe2 Qd6 5. Nb5 Qb6 6. Qe5 Na6 7. Bc4 e6 8.
d3 Bc5 9. Nh3 Ne7 10. Qxg7 Rg8 11. Qxh7 Nb4 12. d4 Bxd4 13. c3 Nc2+ 14. Qxc2 Bd7
15. cxd4 Bxb5 16. Bxb5+ Qxb5 17. Qxc7 Rc8 18. Qf4 Nd5 19. Qe4 Qb4+ 20. Kf1 Nf6
21. Qh4 1-0

[Event "AUTO-ADV-1134"]
[Site "http://www.queenalice.com/game.php?id=503400"]
[Date "2008.12.5"]
[Round "1"]
[White "deckhandsailor"]
[Black "cobra17"]
[Result "0-1"]
[WhiteElo "1538"]
[BlackElo "1654"]

1. e4 e5 2. d4 d5 3. dxe5 dxe4 4. Bb5+ c6 5. Qxd8+ Kxd8 6. Bc4 Be6 7. Bg5+ f6 8.
Bxf6+ gxf6 9. Bxe6 fxe5 10. Bxg8 Rxg8 11. a3 Nd7 12. Nc3 Nc5 13. O-O-O+ Kc7 14.
Nh3 Rxg2 15. Rhg1 Rxh2 16. Rh1 Rg2 17. Rdg1 Rxg1+ 18. Nxg1 h6 19. Nge2 Rd8 20.
Ng3 Rd4 0-1

[Event "AUTO-ADV-1134"]
[Site "http://www.queenalice.com/game.php?id=503417"]
[Date "2008.12.5"]
[Round "1"]
[White "deckhandsailor"]
[Black "Chazam"]
[Result "0-1"]
[WhiteElo "1605"]
[BlackElo "1650"]

1. e4 e5 2. d4 exd4 3. Qxd4 Nc6 4. Qd5 Nf6 5. Qd3 Bc5 6. Nh3 d6 7. Bg5 Bxh3 8.
Qxh3 Qe7 9. Nc3 d5 10. Bb5 d4 11. Ne2 Qxe4 12. O-O-O Nd5 13. Rhe1 O-O 14. Bd3
Qxd3 15. Rxd3 Ne5 0-1

[Event "AUTO-ADV-1134"]
[Site "http://www.queenalice.com/game.php?id=503418"]
[Date "2008.12.5"]
[Round "1"]
[White "Chazam"]
[Black "deckhandsailor"]
[Result "1-0"]
[WhiteElo "1664"]
[BlackElo "1591"]

1. e4 d5 2. e5 d4 3. Bc4 e6 4. Nf3 Nh6 5. Qe2 a6 6. d3 Bb4+ 7. Bd2 Qe7 8. a3
Bxd2+ 9. Nfxd2 Nf5 10. Nf3 Nc6 11. O-O O-O 12. Nbd2 f6 13. exf6 Qxf6 14. Ne4 Qe7
15. Neg5 1-0

[Event "AUTO-ADV-1134"]
[Site "http://www.queenalice.com/game.php?id=503419"]
[Date "2008.12.5"]
[Round "1"]
[White "deckhandsailor"]
[Black "Artking"]
[Result "0-1"]
[WhiteElo "1609"]
[BlackElo "1996"]

1. e4 d5 2. e5 Bf5 3. d4 c5 4. Bb5+ Nc6 5. h3 e6 6. Nf3 h6 7. Na3 Qc7 8. c3 Ne7
9. Qa4 g5 10. h4 g4 11. Nd2 c4 12. Bxc6+ Nxc6 13. g3 h5 14. Nf1 Be7 15. Bg5 Bxg5
16. hxg5 Qe7 17. Nb5 Rc8 18. Nd6+ Kd8 19. Nxc8 Kxc8 20. O-O-O Qxg5+ 0-1

[Event "AUTO-ADV-1134"]
[Site "http://www.queenalice.com/game.php?id=503420"]
[Date "2008.12.5"]
[Round "1"]
[White "Artking"]
[Black "deckhandsailor"]
[Result "1-0"]
[WhiteElo "1974"]
[BlackElo "1607"]

1. e4 d5 2. exd5 Qxd5 3. d4 Qe4+ 4. Be3 e5 5. Nc3 Qg6 6. Nf3 Bg4 7. Bd3 Bxf3 8.
Qxf3 Qb6 9. O-O Qxb2 10. Nd5 Kd8 11. Rfb1 Qa3 12. Rxb7 Bd6 13. Rb3 Qa4 14. Bb5
Qa5 15. Qe2 c6 16. Bd2 Qb6 17. Nxb6 axb6 18. Qf3 Ne7 19. dxe5 Bxe5 20. Rd3+ 1-0